Az epigenetikai szabályozás főbb mechanizmusai és jelentőségük a klinikumban
Elmentve itt :
| Szerző: | |
|---|---|
| Dokumentumtípus: | Prezentáció |
| Kulcsszavak: | epigenetika genetika |
| Tárgyszavak: | |
| Online Access: | http://eta.bibl.u-szeged.hu/1160 |
| LEADER | 00862nnm a2200217 i 4500 | ||
|---|---|---|---|
| 001 | eta1160 | ||
| 005 | 20211006090743.0 | ||
| 008 | 181129suuuu hu o 0|| hun d | ||
| 040 | |a SZTE Elektronikus Tananyag Archívum |b hun | ||
| 041 | |a hun | ||
| 100 | 1 | |a Nagy Nikoletta | |
| 245 | 1 | 3 | |a Az epigenetikai szabályozás főbb mechanizmusai és jelentőségük a klinikumban |h [elektronikus dokumentum] / |c Nagy Nikoletta |
| 516 | |a Presentation | ||
| 650 | 4 | |a Orvos- és egészségtudomány | |
| 650 | 4 | |a Általános orvostudomány | |
| 650 | 4 | |a Humángenetika | |
| 650 | 4 | |a Epigenetika és génszabályozás | |
| 695 | |a epigenetika | ||
| 695 | |a genetika | ||
| 856 | 4 | 0 | |u https://eta.bibl.u-szeged.hu/1160/1/az_epigenetikai_szab%C3%A1lyozas.pptx |z Dokumentum-elérés |
| 856 | 4 | 0 | |u https://eta.bibl.u-szeged.hu/1160/2/11_klinikai_genetika-nagy_nikoletta.mp4 |z Dokumentum-elérés |